MDQL
is popping MORE tags! Check the
thread
!
Quizzes
Events
Quiz Creation
Community
Videos
Private Events
Remove Ads
Sign In
Join for FREE
Feedback
Dark Mode
Quiz Categories
Sports
Geography
Music
Movies
Television
Just For Fun
Miscellaneous
History
Literature
Language
Science
Gaming
Entertainment
Religion
Holiday
For Kids
Quiz Lab
Recent
Popular Today
Quiz Kudos Today
Editor Picks
Curator Picks
Quizzes by...
Day
Popularity
Type
Ratings
Length
Year
Community
Subscriptions
Recent Discussions
Orange Saloon
Badges
Playlists
Quests
Create
Leaderboards
Showdown
Live 5
Trivia Bingo
Activity
Puzzle Library
Sporcle Events
Private Events
Virtual Trivia
Globe League
Become a Host
Pub Owners
SporcleCon
Opinionation
Our Games
Videos
Blog
Mobile Apps
Partnerships
Remove Ads and Go Orange
Feedback
Science
Computer
Plants
Astronomy
Chemistry
Elements
Math
Animal
Physics
Anatomy
Biology
Geology
General Science
Science
Computer
Plants
Astronomy
Chemistry
Elements
Math
Animal
Physics
Anatomy
Biology
Geology
General Science
Random Quiz
Search Sporcle
×
Quiz Lab
Quiz Lab
Science
Terminology
Type in answers that appear in a list
Type in answers that appear in a list
Classic
Best Score? Go Orange.
Gastrointestinal terminology Stats
Can you name the Following gastrointestinal terms??
By
Jmah
3m
20 Questions
140 Plays
140 Plays
140 Plays
Comments
Comments
Give Quiz Kudos
Give Quiz Kudos
-
- Ratings
hide this ad
Replay
Link that replays current quiz
Next Quiz
Link to next quiz in quiz playlist
You Got
0%
They Got
Avg Score
24%
Avg Friend Score
Upgrade to see
Score Distribution
Jump to the score distribution portion of the page
Score
0/20
Timer
03:00
0
Plays Today
Description
GI term
% Correct
Highest part of the stomach
Fundus
70%
Appendage of the caecum
Appendix
69.3%
Structure that stores bile
Gallbladder
61.4%
Sphincter relating to the stomach
Pyloric sphincter
53.6%
After the ileum...
Caecum
42.9%
Liver Pathology resulting from obesity
NAFLD
32.9%
Portion of the colon preceding the rectum
Sigmoid
27.1%
Second part of the duodenum
Descending
24.3%
4 layers of peritoneum overlying abdominal contents
Greater omentum
19.3%
Structure suspending the small intestine
Mesentery
17.9%
Description
GI term
% Correct
Structure opening into the second part of the duodenum
Common bile duct
13.6%
Area directly behind the stomach
Lesser sac
10%
Long tall vessels supplying the small intestine
Vasa recta
9.3%
Foramen communicating the lesser and greater sac
Epiploic
8.6%
Peritoneal, fold on the anterior surface of the liver
Falciform ligament
7.1%
Artery commonly perforated in peptic ulcer disease
Gastroduodenal
6.4%
Vessel nestled in the nutcracker space
Left renal vein
4.3%
Vessel supplying the Oesoohagus
Coeliac trunk
4.3%
Artery supplying the anterior surface of the stomach near the greater curvature
Gastroomental
3.6%
Line in the anal canal
White line of Houston
0.7%
Quiz Playlist
Details
Report
Send in Message
Add To Playlist
Classic:
Type in answers that appear in a list
Last Updated: Feb 16, 2017
Quiz Scoreboard
CHALLENGE
Sign Up to Join the Scoreboard
Show All
Scores
Hide
Comments
May contain spoilers
Recently Published
5x2 Blitz: Bands
by SL_Kpop136
Music
30s
Colored Red Africa Blitz
by spor1
Geography
30s
Find the 'City' Movie
by crazypaving
Movies
60s
More to Explore
Quiz From the Vault
Featured Blog Post
14 Easter Pick-up Lines to Find Eggs With
hide this ad
You Might Also Like...
Tags
description
Term
Terminology
Today's Top Quizzes in Science
Browse Science
hide this ad
Today's Top Quizzes in Terminology
Browse Terminology
Top Contributed Quizzes in Science
1
Windmill: Elements
2
17 TIMES TABLE
3
Glycolysis
4
Square Numbers Scrambled (1-50)
5
Astronomy Spelling Bee
6
'C' Flowers II
7
Vet Tech Pharmacology Drug Contraindications
8
Missing Vowel Minefield: Lanthanides
9
Sorting Squares: Animals by Continent
10
3-letter Elementary Words
Explore More
Trending Topics
Marvel
Kpop
Disney
NBA
Crossword
Harry Potter
Anime
Song
WWE
Puzzle
NFL
The Office
Soccer
Country
Pokémon
hide this ad
More By:
Jmah
Quiz
Plays
Rating
Category
Featured
Created
Gastrointestinal terminology
140
Science
Sep 25, 2010
Go to Creator's Profile
Score Distribution
Quiz Creator Spotlight
Jmah
Follow
Send a Message
Quizzes Created
-
Created Quiz Play Count
-
More By This Creator
Popular Quizzes Today
1
Colored Red Africa Blitz
2
Find the 'City' Movie
3
5x2 Blitz: Bands
4
Find the US States - No Outlines Minefield
5
The Countries of the World
6
Find the US States
7
US States
8
Find the Countries of Europe - No Outlines Minefield
More Science Quizzes
Reflecting Birds
Published
Trending Quizzes
Colored Red Europe Blitz I
Colored Red Europe Blitz II
Colored Red Africa Blitz II
Colored Red Europe Blitz III
Colored Red Africa Blitz III
Recently Updated
How Do You Spell That?
pecheneg
Godzilla Movies
pecheneg
Grab Bag: 4-10 Letters
pecheneg
2024 March Madness Bracket
pecheneg
Famous TV Couples
Peacemaker
Champions League XIs: Real Madrid
pecheneg
Largest US Cities 1790-2010
pecheneg
Rides in Walt Disney World
pecheneg
Most Oscar Losses (Acting)
pecheneg
Beyoncé Albums
pecheneg
Trending Topics
Anime
Crossword
Marvel
Harry Potter
Disney
Kpop
NBA
Country
Song
Puzzle
Pokémon
NFL
WWE
Soccer
The Office
Your Account Isn't Verified!
In order to create a playlist on Sporcle, you need to verify the email address you used during registration. Go to your
Sporcle Settings
to finish the process.
Report this User
Report this user for behavior that violates our
Community Guidelines
.
Details:
Send Report
Go to the Sporcle.com Mobile Site →
Comments